[Event "68th RUS-ch Women Superfinal 2018"]
[Site "Satka"]
[Date "2018.08.25"]
[Round "1"]
[White "Gunina, Valentina"]
[Black "Protopopova, Anastasiya"]
[Result "1-0"]
[WhiteElo "2528"]
[BlackElo "2332"]
[Annotator "TA"]
[PlyCount "53"]
[EventDate "2018.08.25"]
[EventType "tourn"]
[EventCountry "RUS"]
[SourceTitle "playchess.com"]
[Source "ChessBase"]
[SourceQuality "1"]

{[%evp 23,53,0,0,0,9,0,0,-17,0,0,0,0,-12,-72,-72,-93,-39,-54,38,52,79,79,210,199,476,461,468,453,621,590,819,805]} 1. e4 e5 2. Nf3 Nc6 3. Bb5 a6 4. Ba4 Nf6 5. O-O Be7 6. d3 b5 7. Bb3 d6 8. a4 b4 9. a5 {C84: Spanische Partie (Mittelgambit)} O-O 10. h3 (10. Be3 h6 11. Nbd2 Re8 12. c3 Bf8 13. h3 Rb8 14. Re1 bxc3 15. bxc3 d5 16. Qc2 Be6 {0-1 (50) Grischuk,A (2772)-Ding,L (2777) Riadh 2017}) 10... Be6 11. Nbd2 Rb8 12. Nc4 Nd7 {LiveBook: 5 Partien} 13. Ba4 Nd4 $146 ({Vorgänger:} 13... Na7 14. Be3 c5 15. Nfd2 Qc7 16. f4 exf4 17. Bxf4 {½-½ (43) Zhang,P (2325)-Peng,X (2490) Beijing 1996}) 14. Nxd4 exd4 15. f4 f5 16. exf5 Bxf5 17. Bc6 b3 18. cxb3 (18. g4 $11 {bleibt in der Remisbreite.} Be6 19. Nd2) 18... Nc5 $17 19. b4 Rxb4 (19... Nxd3 $17 20. Bd2 Kh8) 20. Ra3 Be6 (20... Kh8 $15 21. Bd2 Nxd3 22. Bxb4 Nxb4) 21. Qe1 $36 {[%mdl 2048] Weiss steht aktiver.} d5 22. Ne5 ({Ein No Go ist} 22. Qxb4 dxc4 23. dxc4 Nd3 $15) 22... Rb8 (22... Rb3 $16 {war nötig.}) 23. b4 $18 Ne4 $2 {[#]} (23... Nd7) 24. dxe4 {Weiß steht klar auf Gewinn.} Bxb4 25. Qe2 Bxa3 26. Bxa3 Rf6 27. f5 {Precision: Weiß = 64%, Schwarz = 16%.} 1-0

[Event "68th RUS-ch Women Superfinal 2018"]
[Site "Satka"]
[Date "2018.08.25"]
[Round "1"]
[White "Bodnaruk, Anastasia"]
[Black "Shuvalova, Polina"]
[Result "1-0"]
[WhiteElo "2449"]
[BlackElo "2413"]
[Annotator "TA"]
[PlyCount "73"]
[EventDate "2018.08.25"]
[EventType "tourn"]
[EventCountry "RUS"]
[SourceTitle "playchess.com"]
[Source "ChessBase"]
[SourceQuality "1"]

{[%evp 15,73,29,27,12,33,-23,14,3,43,17,18,25,10,10,16,4,13,12,155,164,175,165,184,125,123,129,116,99,121,0,38,41,114,75,82,97,158,108,368,364,350,254,250,150,144,0,598,603,646,190,366,366,392,390,1147,719,827,800,3082,1450]} 1. e4 c6 2. d4 d5 3. e5 Bf5 4. Nf3 e6 5. Be2 Ne7 6. O-O Ng6 {B12: Caro-Kann (Vorstoß-Variante)} 7. Be3 Nd7 8. Nbd2 f6 {[%cal Rf6e5] LiveBook: 13 Partien. Weiß hat minimalen Vorteil.} 9. c4 {[%cal Bc2c4,Bc4d5,Bd5d6,Bd6d7][%mdl 32]} (9. exf6 Qxf6 10. c4 Bd6 11. Re1 O-O 12. Nf1 Nf4 13. Bxf4 Bxf4 14. Ng3 {1-0 (52) Bodnaruk,A (2428)-Shuvalova,P (2385) Riadh 2017}) 9... fxe5 10. dxe5 ({Günstiger ist} 10. cxd5 $14 cxd5 11. dxe5) 10... Ndxe5 11. Nd4 {[#] Droht stark f4.} Bb4 $146 ({Vorgänger:} 11... Qf6 12. c5 Nd7 13. b4 e5 14. Nxf5 Qxf5 {1-0 (38) Dubov,D (2677)-Matlakov,M (2738) Moscow 2017}) 12. g4 c5 13. cxd5 (13. gxf5 cxd4 14. cxd5 exd5 $15) 13... O-O $1 14. Nxf5 exf5 15. gxf5 Nh4 {[#] zielt auf ...Lxd2 ab.} 16. Ne4 $36 {[%mdl 2048] Schwarz muss nun Lg5 beachten. Weiss kämpft um Vorteil.} Nxf5 (16... Qd7 $11 {bleibt in der Remisbreite.} 17. f4 Qxf5) 17. d6 $16 Kh8 18. Qd5 Nc6 19. Kh1 (19. Bxc5 Bxc5 20. Qxc5 Qh4 $15) (19. Bg4 $18) 19... Ncd4 20. Bxd4 cxd4 21. d7 Qh4 {Weiss sollte ...Tad8 verhindern.} 22. Rac1 ({Besser ist} 22. Rg1 $16) 22... Qf4 (22... Rad8 $5 {[%cal Rd8d7]} 23. Rc7 Qe7 $16) 23. Ng3 Bd6 ({Lieber} 23... Rad8 $14) 24. Qxb7 Rad8 25. Rc8 Qh4 (25... g6 $142) 26. Qg2 {Sxf5 ist eine echte Drohung.} Qe7 $2 {[%mdl 8192]} (26... Ne7 $16 {war nötig.}) 27. Nxf5 $18 Rxf5 28. Bg4 Rff8 29. Qh3 Qe4+ 30. Qg2 (30. f3 $16 Qe7 31. Bf5) 30... Qf4 $2 {[%mdl 8192]} (30... Qe7 $1 $11 {und Schwarz ist OK.}) 31. Re1 {Droht Txd8 und aus.} Qf7 32. Rd1 $2 (32. Rxd8 Rxd8 33. Qf3) 32... h5 $2 (32... Qf6 33. Re1 Be7) 33. Bh3 (33. Rxd4 hxg4 34. Rxd8 (34. Rxd6 Rxc8 35. dxc8=B Rxc8 $16) (34. Qxg4 Be7 $15) 34... Rxd8 $16) 33... Qf4 34. Re1 Be5 $2 (34... Kh7 35. Qe4+ (35. Rg1 g5 $16) 35... g6 36. Qxf4 Bxf4) 35. Qg3 {Weiß steht klar auf Gewinn.} Qxg3 36. hxg3 d3 37. Rxe5 {Precision: Weiß = 58%, Schwarz = 24%.} 1-0

[Event "68th RUS-ch Women Superfinal 2018"]
[Site "Satka"]
[Date "2018.08.25"]
[Round "1"]
[White "Kashlinskaya, Alina"]
[Black "Goryachkina, Aleksandra"]
[Result "1-0"]
[WhiteElo "2440"]
[BlackElo "2535"]
[Annotator "TA"]
[PlyCount "105"]
[EventDate "2018.08.25"]
[EventType "tourn"]
[EventCountry "RUS"]
[SourceTitle "playchess.com"]
[Source "ChessBase"]
[SourceQuality "1"]

{[%evp 13,105,-2,58,18,31,31,29,8,16,8,24,17,14,8,43,14,44,30,32,28,31,31,29,22,29,29,39,43,42,50,50,39,37,33,39,39,71,72,84,98,102,102,103,104,101,93,127,109,132,130,128,129,143,138,124,144,183,143,227,224,204,223,266,235,224,223,237,235,224,225,227,223,213,216,200,183,229,212,463,445,466,455,443,375,525,537,495,478,880,789,610,552,1061,937]} 1. e4 c5 2. c3 d5 3. exd5 Qxd5 4. d4 Nf6 5. Nf3 Bg4 6. dxc5 Qxc5 7. h3 {B22: Sicilian: 2 c3} Bd7 {LiveBook: 19 Games} (7... Bh5 $11) (7... Bh5 8. Na3 a6 9. Be3 Qc7 10. Qa4+ Nbd7 11. Bf4 {½-½ (11) Zhigalko,S (2656)-Topalov,V (2813) Baku 2015}) 8. Be2 e6 9. O-O {White is slightly better.} Be7 10. c4 $146 ({Predecessor:} 10. Na3 O-O 11. Be3 Qc8 12. c4 Rd8 13. Qb3 Na6 14. Nb5 Nc5 {1-0 (33) Tokranovs,D (2297)-Karasek,L (2199) Pardubice 2014}) 10... O-O 11. Nc3 Rd8 12. Qc2 Qc7 13. Be3 Bc6 14. Nd4 Nbd7 15. Ncb5 Bxb5 16. Nxb5 Qb8 17. Rad1 a6 18. Nc3 Qc7 19. a3 Bc5 20. Bxc5 Qxc5 21. b4 Qc7 22. Qb3 h5 23. c5 Ne5 24. Na4 h4 25. Nb6 Rab8 26. Qe3 Ng6 27. Bf3 Ne7 28. Rfe1 Nf5 29. Qc3 Rxd1 30. Rxd1 e5 31. Re1 Re8 32. Nc4 {[%cal Re1e5]} e4 33. Bg4 $1 {[%cal Rg4f5]} Nh6 34. Nd6 Rd8 35. Qe5 b6 {[#]} (35... Ne8 $16 {might work better.}) 36. Nxf7 $1 $18 Qxe5 37. Nxe5 {Hoping for Be6+.} bxc5 38. bxc5 Nhxg4 39. Nxg4 Nxg4 40. hxg4 {[%mdl 4096] Endgame KR-KR} Rc8 {[#]} 41. Rc1 $1 (41. Rxe4 $6 Rxc5 42. g5 Rxg5 $16) 41... Kf7 42. Kf1 Ke6 43. Ke2 Kd7 44. Ke3 Rb8 45. Rc2 ({Don't play} 45. Kxe4 $6 Rb2 $16) 45... Rb3+ $2 (45... g5 46. Rd2+ (46. Kxe4 Rf8 $18) 46... Kc7) 46. Kxe4 Rxa3 47. Kf5 Ra1 48. Kg5 Kc6 49. f4 {[%cal Bf2f4,Bf4f5][%mdl 32] White is clearly winning.} a5 50. f5 Rf1 (50... Ra3 $142 51. Kxh4 Ra4) 51. Ra2 Kb5 52. c6 {Black must now prevent Rc2.} Rc1 53. Kg6 {Precision: White = 73%, Black = 49%.} 1-0

[Event "68th RUS-ch Women Superfinal 2018"]
[Site "Satka"]
[Date "2018.08.25"]
[Round "1"]
[White "Galliamova, Alisa"]
[Black "Kosteniuk, Alexandra"]
[Result "1-0"]
[WhiteElo "2424"]
[BlackElo "2559"]
[Annotator "TA"]
[PlyCount "87"]
[EventDate "2018.08.25"]
[EventType "tourn"]
[EventCountry "RUS"]
[SourceTitle "playchess.com"]
[Source "ChessBase"]
[SourceQuality "1"]

{[%evp 17,87,41,40,12,39,27,38,36,45,34,47,44,24,67,16,22,85,78,81,102,175,185,165,100,211,219,379,196,186,187,189,167,191,184,212,208,245,220,319,157,333,329,387,365,331,19,501,504,464,443,577,577,675,456,577,577,876,1107,1070,759,1005,739,4047,3862,6111,6091,5708,5683,1468,1325,29978,29979]} 1. d4 Nf6 2. c4 e6 3. Nf3 d5 4. g3 dxc4 5. Bg2 a6 6. O-O Nc6 7. Bg5 {E04: Open Catalan: 5 Nf3} (7. e3 Rb8 8. Qe2 b5 9. b3 cxb3 10. axb3 Bd6 11. Rd1 Qe7 12. Bb2 O-O 13. Rc1 Bb7 14. Ne5 Nb4 15. Bxb7 Rxb7 {1-0 (52) So,W (2778)-Mamedyarov,S (2808) Leuven 2018}) 7... Be7 8. e3 Nd5 9. Bxe7 Ncxe7 {LiveBook: 8 Games} 10. a4 Rb8 11. Ne5 b5 12. axb5 axb5 13. b3 cxb3 14. Qxb3 $40 {[%mdl 128] [#] Black needs to defend precisely.} c5 $146 ({Predecessor:} 14... O-O) 15. dxc5 Qc7 16. Nd3 O-O (16... b4 $1 $11) 17. Nc3 $16 {[%cal Rc3d5]} Rd8 18. Nxd5 Nxd5 {[#]} (18... exd5 $16 {was necessary.} 19. Qb4 Be6) 19. Rfc1 $1 $18 b4 20. Rc4 (20. Bxd5 $18 Rxd5 21. c6) 20... Rb5 (20... Bb7 $16) 21. Bxd5 Rxd5 $2 (21... exd5 {was called for.} 22. Rxb4 Rxb4 23. Qxb4 Bf5) 22. c6 (22. Qa4 $142 Bd7 23. Nxb4) 22... Ra5 23. Rxa5 Qxa5 24. Qxb4 Qc7 25. Qc3 h5 {intending ...Ba6.} 26. Rd4 Rb5 27. Nb4 g6 (27... Ra5 {is a better defense.} 28. Rd1 Ra7) 28. h4 (28. e4 $18) 28... Kh7 $2 {[#]} (28... e5 $16 29. Rd5 Qa5) 29. e4 Qa5 {Black hopes to continue with ...e5.} 30. Rc4 e5 {If Black can now play ...Qa4 this consolidates a bit.} 31. Nd5 $2 ({Better is} 31. Kg2 $18) 31... Qxc3 $4 {[%mdl 8192]} (31... Rb1+ $11 {and Black has nothing to worry.} 32. Kg2 Qa2) 32. Rxc3 $11 {[%mdl 4096] Endgame KRB-KRN} Kg7 33. Ne7 Rb8 34. c7 Ra8 35. Kg2 f5 36. Rb3 Kf7 37. Rb8 Kxe7 38. Rxa8 $18 {KR-KB} Kd7 39. Ra7 Kc6 40. Ra5 fxe4 41. Rxe5 Kxc7 42. Rxe4 Bb7 43. f3 {[%cal Bf2f3,Bf3e4][%mdl 32]} Bxe4 44. fxe4 {Precision: White = 58%, Black = 19%.} 1-0

[Event "68th RUS-ch Women Superfinal 2018"]
[Site "Satka"]
[Date "2018.08.25"]
[Round "1"]
[White "Gritsayeva, Oksana"]
[Black "Girya, Olga"]
[Result "1/2-1/2"]
[WhiteElo "2391"]
[BlackElo "2462"]
[Annotator "TA"]
[PlyCount "109"]
[EventDate "2018.08.25"]
[EventType "tourn"]
[EventCountry "RUS"]
[SourceTitle "playchess.com"]
[Source "ChessBase"]
[SourceQuality "1"]

{[%evp 13,109,-2,0,0,0,-1,0,-7,0,-5,0,0,29,0,0,0,10,-136,0,-4,7,8,27,22,22,32,61,56,56,56,54,56,56,56,66,64,64,58,64,61,88,68,66,0,0,0,0,0,0,0,0,0,0,0,2,0,10,10,22,30,43,0,6,0,0,0,0,2,5,0,0,0,0,0,0,0,0,0,0,0,0,0,0,0,0,0,0,0,0,0,0,0,0,0,0,0,0,0]} 1. e4 c6 2. d4 d5 3. f3 e6 4. Nc3 Bb4 5. Nge2 Ne7 6. Be3 {B12: Caro-Kann: Advance Variation} Nd7 7. a3 Ba5 {LiveBook: 3 Games} 8. Qd2 O-O 9. Ng3 f5 10. exf5 Nxf5 11. Nxf5 exf5 12. Bd3 Qf6 $146 ({Predecessor:} 12... Nf6 13. O-O {1-0 (41) Timofeev,A (2670)-Riazantsev,A (2656) Moscow 2008}) 13. g3 Re8 14. O-O Nf8 15. b4 (15. Rae1 $11 {remains equal.}) 15... Bc7 (15... f4 $17 16. Bf2 (16. gxf4 Bc7 $17) (16. Bxf4 $2 Bb6 $19) 16... fxg3 17. hxg3 Bc7) 16. Ne2 $11 Be6 17. c3 Nd7 18. Rae1 Nb6 19. Bf4 $36 {[%mdl 2048] White has the initiative.} Rac8 20. Bxc7 Rxc7 21. Nf4 Rce7 22. h4 Bf7 23. Kf2 Nc8 24. Rxe7 Rxe7 25. Re1 Nd6 26. a4 h6 27. Rxe7 Qxe7 28. Qe3 (28. Nh3 $14) 28... Qxe3+ $1 29. Kxe3 {[%mdl 4096] Endgame KBN-KBN} Kf8 30. g4 fxg4 31. fxg4 Ke7 32. g5 hxg5 33. hxg5 Be8 34. Kf3 Nc8 35. a5 b6 36. axb6 axb6 37. Ng2 (37. b5 $5) 37... Kd6 {The position is equal.} 38. Kf4 Ne7 39. Nh4 Bd7 40. Nf3 c5 41. bxc5+ bxc5 42. dxc5+ Kxc5 43. Nd4 Kd6 44. Bc2 Be8 45. Bd3 Bd7 46. Ne2 Be8 47. Ng3 Bf7 48. Nf5+ Nxf5 49. Kxf5 {KB-KB} Bh5 50. Bf1 Be8 51. Be2 Bf7 52. Bb5 Bh5 53. Ba4 Bf7 54. Bd1 Be8 55. Be2 {Precision: White = 62%, Black = 66%.} 1/2-1/2

[Event "68th RUS-ch Women Superfinal 2018"]
[Site "Satka"]
[Date "2018.08.25"]
[Round "1"]
[White "Tomilova, Elena"]
[Black "Pogonina, Natalija"]
[Result "0-1"]
[WhiteElo "2332"]
[BlackElo "2469"]
[Annotator "TA"]
[PlyCount "110"]
[EventDate "2018.08.25"]
[EventType "tourn"]
[EventCountry "RUS"]
[SourceTitle "playchess.com"]
[Source "ChessBase"]
[SourceQuality "1"]

{[%evp 27,110,46,67,22,58,45,41,46,42,0,0,0,0,0,0,0,12,10,17,7,11,0,0,0,0,0,0,-10,0,0,0,-117,-114,-116,-131,-122,-111,-157,-139,-170,-169,-187,-138,-168,-131,-143,-152,-169,-164,-165,-162,-158,-155,-219,-225,-173,-192,-250,-247,-477,-444,-611,-599,-631,-627,-631,-611,-735,-656,-737,-523,-480,-480,-1052,-952,-1096,-1073,-2111,-1007,-29972,-29949,-5214,-5206,-29988,-29989]} 1. c4 e5 2. g3 Nf6 3. Bg2 d5 4. cxd5 Nxd5 5. Nf3 Nc6 6. O-O Be7 7. d4 exd4 8. Nxd4 Nxd4 9. Qxd4 Nf6 10. Qa4+ c6 11. Rd1 {A20: English Opening: 1...e5} Qb6 12. Be3 Bc5 13. Bxc5 Qxc5 14. b4 Qb6 {LiveBook: 7 Games} 15. Nd2 {Nc4 is the strong threat.} O-O 16. Nc4 Qc7 $1 17. Qa5 Qe7 {[#]} 18. Rd2 $146 ({Predecessor:} 18. Nb6 Rb8 19. Nxc8 Rfxc8 20. Qxa7 Qxe2 {½-½ (55) Kerr,S (2609)-Karapchanski,D (2529) ICCF email 2006}) 18... Be6 19. Ne3 Rad8 20. Rad1 Rxd2 21. Rxd2 Ng4 22. Nxg4 Bxg4 23. e3 Be6 24. a3 b6 $36 {[%mdl 2048] Black is more active.} 25. Qa4 c5 $1 26. bxc5 Qxc5 27. Rc2 Qd6 {And now ...Qd1+ would win.} 28. Bf3 Bh3 29. Qh4 ({Don't blunder} 29. Qxa7 $2 Qf6 $19) (29. Rc1 $11 {remains equal.}) 29... Qd3 $17 {[%csl Gh3][%cal Rd3f1]} 30. Rc1 Qxa3 31. Rd1 Be6 32. Be4 {[%csl Ge4][%cal Rh4h7]} g6 33. Qf6 Qc5 34. h4 Re8 35. Rd4 Qe7 ({Resist} 35... Qc1+ 36. Kg2 $17) 36. Qe5 h5 $1 37. Qb5 Rc8 38. Kg2 Qc5 39. Qa6 Qc7 40. Ra4 {[#]} (40. Bd5 $17) 40... b5 $1 $19 {[%cal Rb5a4,Bb6b5,Bb5b4,Bb4b3,Bb3b2][%mdl 544]} 41. Rd4 {[#]} (41. Qxb5 Bd7) 41... Rb8 $1 42. Rb4 (42. Rd6 {was called for.}) 42... Qb6 43. Qa1 $2 (43. Qxb6 Rxb6 44. Bd3) 43... a5 44. Rb1 b4 45. Qe5 b3 46. Rd1 {intending Rd6.} b2 47. Bb1 Re8 {Strongly threatening ...Bh3+!} 48. Rd6 Qc7 49. Kh2 a4 {White must now prevent ...a3.} 50. g4 (50. Qb5 $142 Qxd6 51. Qxe8+ Kh7 52. Qxa4) 50... Qb8 51. gxh5 Bf5 52. Qg3 Re6 (52... Bxb1 $142 53. hxg6 Bxg6) 53. Rd8+ Qxd8 54. Bxf5 {[#]} Qd6 $1 {[%mdl 512] ( -> ...Qxg3+)} 55. f4 Qd2+ {Precision: White = 29%, Black = 80%.} 0-1

[Event "68th RUS-ch Women Superfinal 2018"]
[Site "Satka"]
[Date "2018.08.26"]
[Round "2"]
[White "Kosteniuk, Alexandra"]
[Black "Gunina, Valentina"]
[Result "1/2-1/2"]
[WhiteElo "2559"]
[BlackElo "2528"]
[Annotator "TA"]
[PlyCount "132"]
[EventDate "2018.08.25"]
[EventType "tourn"]
[EventCountry "RUS"]
[SourceTitle "playchess.com"]
[Source "ChessBase"]
[SourceQuality "1"]

{[%evp 9,132,-16,31,20,23,12,71,15,40,34,186,132,137,118,219,235,229,217,232,226,262,247,260,259,281,0,0,0,0,0,0,0,0,0,284,266,273,97,96,102,87,106,104,104,107,-165,62,58,67,20,135,42,85,29,122,104,92,95,114,126,113,80,79,59,81,73,137,0,156,105,153,13,16,1,20,0,20,0,36,28,26,31,27,35,60,0,50,30,32,30,25,28,45,0,0,0,402,407,391,382,29962,29963,29961,29962,29968,29968,29970,29971,29969,29970,29948,0,0,0,0,0,0,0,0,0,0,0,0,0,0]} 1. c4 e6 2. Nc3 d5 3. d4 a6 4. Nf3 Nf6 5. Qc2 (5. cxd5 exd5 6. Bg5 Be6 7. e3 Nbd7 8. Bd3 Bd6 9. Bf4 Qe7 10. O-O O-O 11. h3 Rfe8 12. Qc2 {½-½ (12) Aronian,L (2805)-Carlsen,M (2837) Riadh 2017}) 5... c5 $146 ({Predecessor:} 5... dxc4 6. Bg5 Be7 7. e3 b5 8. a3 Bb7 9. Be2 Nbd7 10. O-O Nd5 11. Bxe7 Nxe7 12. e4 Ng6 {½-½ (45) Mader,J (1685)-Kluge,H (1675) Germany 1998}) 6. cxd5 {D37: Queen's Gambit Declined: 5 Bf4} exd5 7. Bg5 Nc6 (7... Be6 $1 $11 {keeps the balance.}) 8. Rd1 ({White should try} 8. dxc5 $16 Bxc5 9. Bxf6 gxf6 10. e3) 8... Nb4 9. Qb1 g6 $2 (9... h6 $14 10. Bh4 Be6) 10. e4 (10. a3 $18 Bf5 11. e4 dxe4 12. dxc5 Nd3+ 13. Bxd3 exd3 14. O-O) 10... cxd4 $16 11. Nxd4 h6 (11... Be7 $16 {might work better.}) 12. Bxf6 $1 $18 Qxf6 13. a3 $1 {[%cal Ba2a3,Ba3b4][%mdl 32]} Bc5 14. Nf3 (14. exd5 $2 Bxd4 15. Rxd4 (15. Qe4+ $2 Kd8 $19) 15... Qxd4 $17) 14... O-O 15. axb4 dxe4 16. Qxe4 Bh3 17. Nd5 $2 (17. bxc5 $6 Rfe8 $16) (17. Qh4 $18 Qxh4 18. Nxh4) 17... Qxb2 $11 {[%csl Gb2][%cal Rc5f2]} 18. Rd2 Qa1+ 19. Rd1 Qb2 $1 $40 {[%csl Gb2][%cal Rc5f2][%mdl 128] Black attacks.} 20. Rd2 Qa1+ 21. Rd1 Qg7 $2 {[%mdl 8192]} (21... Qb2 $1 $11 22. Be2 (22. bxc5 Rfe8 $11) 22... Rfe8) 22. Qf4 $18 (22. bxc5 Rfe8 $14) 22... g5 23. Qc4 $2 (23. Qd2 $18 {and White stays clearly on top.} Rfe8+ 24. Ne3 Bxe3 25. fxe3) 23... Rfe8+ $16 24. Ne3 $1 Bxe3 25. fxe3 (25. gxh3 $2 Rac8 $19) 25... Rxe3+ 26. Kf2 Qb2+ 27. Be2 $2 {[%mdl 8192]} (27. Kxe3 Re8+ 28. Qe4 Qb3+ 29. Rd3 Rxe4+ 30. Kxe4 Bf5+ 31. Ke3 Bxd3 $17) (27. Kg3 $16 {and life is bright.} Rc8 28. Qd4 Qxd4 29. Rxd4) 27... Rc8 $2 (27... Rae8 $1 $19 28. Rhe1 b5) 28. Qxc8+ $1 $14 Bxc8 29. Kxe3 Kg7 (29... Bf5 $1 $11) 30. Rd8 (30. Rd4 $1 $16) 30... Be6 31. Nd4 ({Better is} 31. Rd4 $1 $16) 31... Ba2 (31... Qxb4 $11 32. Rd1 (32. Nxe6+ fxe6 33. Rd7+ Kh8 $11) 32... Bb3 33. Nxb3 Qxb3+ 34. Kf2 Qc2) 32. Rf1 {And now Nf5+ would win.} Qxb4 33. Nf5+ Kh7 34. Bd3 Qb6+ 35. Nd4+ Kg7 36. Rd6 Qc5 37. Ke4 Qb4 {[#]} (37... Kf8 $142 38. Nf5 (38. Rxh6 $2 Qd5+ 39. Ke3 Qe5+ 40. Kd2 Qxd4 $19) 38... Qa5) 38. Ke3 (38. Kf3 $1 $16) 38... Qa5 $2 (38... Qc5 $11) 39. Nf5+ (39. g3 $142) 39... Kf8 {[#]} 40. Rxh6 (40. Ra1 $1 $16 {[%cal Ra1a2]} Kg8 41. Nxh6+ Kg7 42. Nf5+ Kh8 43. Kf2) 40... Qe5+ $11 41. Kd2 {Hoping for h4.} Qb2+ 42. Ke3 {Threatens to win with Rd6.} Qe5+ 43. Kd2 Be6 44. Ne3 {Black must now prevent Rb1.} b5 45. h4 gxh4 46. Rxh4 a5 47. Nf5 ({White should play} 47. Re4 $14 Qb2+ 48. Bc2) 47... b4 48. Nd4 Qg5+ 49. Rhf4 Bd5 50. Be4 {Strongly threatening Bxd5.} Ba2 51. Bb1 Bd5 52. Be4 Ke8 $2 {[%mdl 8192]} (52... Ba2 $11 {and Black is okay.}) 53. Bxd5 $18 Qxd5 54. Kd3 Qxg2 $2 (54... a4 $18 55. Rf5 (55. Rxf7 Qxf7 56. Rxf7 Kxf7 $16) 55... Qa2) 55. Rxf7 Qg6+ 56. R7f5 Qa6+ 57. Ke4 Qb7+ 58. Ke5 Qg7+ 59. Kd5 b3 60. Nxb3 $2 (60. Nc6 {mates} a4 61. Kc5 Qc3+ 62. Kb5 Qd3+ 63. Kb6 Qxf5 64. Rxf5 Kd7 65. Rb5) 60... Qb7+ $11 {The position is equal.} 61. Kc5 {Rf8+ would kill now.} Qe7+ 62. Kc6 Qe6+ 63. Kc7 {Nc5 is the strong threat.} Qd7+ 64. Kb6 {White wants to mate with Re1+.} Qe6+ 65. Kxa5 Qxb3 66. Rf7 Qxf7 {Precision: White = 48%, Black = 40%.} 1/2-1/2

[Event "68th RUS-ch Women Superfinal 2018"]
[Site "Satka"]
[Date "2018.08.26"]
[Round "2"]
[White "Goryachkina, Aleksandra"]
[Black "Tomilova, Elena"]
[Result "1/2-1/2"]
[WhiteElo "2535"]
[BlackElo "2332"]
[Annotator "TA"]
[PlyCount "33"]
[EventDate "2018.08.25"]
[EventType "tourn"]
[EventCountry "RUS"]
[SourceTitle "playchess.com"]
[Source "ChessBase"]
[SourceQuality "1"]

{[%evp 16,33,-2,-6,18,12,20,0,0,0,0,0,0,0,0,0,0,0,0,0]} 1. e4 e6 2. d4 d5 3. Nc3 Bb4 4. exd5 exd5 5. Bd3 Nc6 6. Nf3 Nf6 {[%cal Bg8f6,Bf6e4,Be4c3][%mdl 32]} 7. O-O O-O 8. a3 Bxc3 9. bxc3 {[%cal Bb2c3,Bc3c4][%mdl 32] The position is equal.} h6 {C01: French: Exchange Variation} 10. h3 Re8 11. Bf4 (11. Re1 Ne4 12. c4 Bf5 13. cxd5 Qxd5 {1-0 (37) Skripchenko,A (2458)-Leconte,M (2337) Belfort 2010}) 11... Ne4 12. c4 {Black must now prevent cxd5.} Nc3 $146 ({Predecessor:} 12... Qf6 13. Bxc7 Nxd4 14. Nxd4 Qxd4 15. cxd5 Qxd5 {½-½ (27) Dragomirescu,R (2342)-Graf,F (2291) Pardubice 2009}) 13. Qd2 Ne4 14. Qd1 Nc3 15. Qd2 Ne4 16. Qd1 Nc3 17. Qd2 1/2-1/2

[Event "68th RUS-ch Women Superfinal 2018"]
[Site "Satka"]
[Date "2018.08.26"]
[Round "2"]
[White "Girya, Olga"]
[Black "Galliamova, Alisa"]
[Result "1/2-1/2"]
[WhiteElo "2462"]
[BlackElo "2424"]
[Annotator "TA"]
[PlyCount "83"]
[EventDate "2018.08.25"]
[EventType "tourn"]
[EventCountry "RUS"]
[SourceTitle "playchess.com"]
[Source "ChessBase"]
[SourceQuality "1"]

{[%evp 15,83,27,25,20,30,0,0,0,0,0,0,0,0,-10,-18,-25,-10,-41,-37,-87,-31,-40,-41,-57,-61,-55,-50,-50,-50,-41,-32,-35,-32,-27,-30,-44,-27,-31,-6,-10,0,0,0,0,0,0,0,0,10,10,15,15,25,0,0,0,0,0,0,0,0,0,0,0,0,0,0,0,0,0]} 1. d4 Nf6 2. c4 e6 3. Nf3 Bb4+ 4. Bd2 a5 5. a3 Bxd2+ 6. Qxd2 O-O 7. Nc3 {E11: Bogo-Indian} d5 8. e3 b6 {LiveBook: 8 Games} (8... Qe7 9. Rc1 Rd8 10. cxd5 exd5 11. Bd3 Nbd7 12. Qc2 Nf8 13. h3 c6 14. O-O Re8 {0-1 (30) Riazantsev,A (2646)-Nikolic,P (2603) Berlin 2015}) 9. Rc1 {White has an edge.} Bb7 10. Qc2 $146 ({Predecessor:} 10. cxd5 exd5 11. b4 Nc6 12. b5 {1-0 (50) Koziak,V (2515)-Voloshin,L (2389) Gorzow Wielkopolski 2017}) 10... c5 11. cxd5 cxd4 12. Nxd4 Nxd5 13. Nxd5 Qxd5 14. Qc4 Qd7 15. Qb5 Qd6 16. Qg5 Rd8 {...h6 is the strong threat.} 17. Rd1 Qc7 ({Black should play} 17... Nc6 $17 18. Be2 h6) 18. Be2 h6 19. Qg4 Nc6 20. Nxc6 Rxd1+ 21. Bxd1 {[#] Strongly threatening Nd4.} Bxc6 22. O-O $1 Qe5 23. Bf3 Rc8 24. Bxc6 Rxc6 $15 {[%mdl 4096] Endgame KQR-KQR} 25. Qe2 Qe4 26. g3 Kh7 27. Rd1 Rc2 28. Qb5 Rc6 29. Qd3 Qxd3 30. Rxd3 $11 {KR-KR} Kg6 31. Kg2 f5 32. Rb3 e5 33. Kf3 e4+ 34. Ke2 Kg5 {The position is equal.} 35. h3 g6 36. Rb5 h5 {[%cal Bh6h5,Bh5h4][%mdl 32]} 37. Kf1 h4 38. g4 Kf6 39. gxf5 gxf5 40. Ke2 Rc2+ 41. Kf1 Rc6 42. Ke2 {Precision: White = 68%, Black = 63%.} 1/2-1/2